Inštitút prípravy povolaní a rekvalifikácie IPPR

Bibliographic Details
Format: Article
Language:Slovak
Subjects:

MARC

LEADER 00000nab a2200000 a 4500
001 vtls000584028
003 SK-MaSNL
005 20260303011339.0
008 120930c1996 xo 0 slo
015 |a SNBRB19rr/mm-uuuuu 
035 |a CL0584167 
040 |a SNKBUCL  |b slo  |c SNKBUCL  |e AACR2 
041 0 |a slo 
044 |a xo  |c SK 
080 |a 374.71:061.5(437.6)  |2 1981 
245 0 0 |a Inštitút prípravy povolaní a rekvalifikácie IPPR 
650 0 7 |a Inštitút prípravy povolaní a rekvalifikácie, Bratislava  |2 snkbucl  |9 981386 
651 7 |a 5100  |2 snkbucl  |9 166206 
655 7 |a články z novín a časopisov  |2 snkbucl  |9 267496 
773 0 |t Slovenské stavebníctvo  |g Roč. 1, č. 2 (1996), s. 4 
850 |a Slovenská národná knižnica v Martine  |a MTA001 
852 |a SNK  |b KIS3GCP 
958 |a RK 
992 |a RBX 
999 |c 1591629  |d 1593559